Introduction to security /

Bibliographic Details
Main Author: Green, Gion
Format: Book
Language:English
Published: Boston : Butterworth, [1981]
Edition:3rd ed.
Subjects:

MARC

Tag First Indicator Second Indicator Subfields
LEADER 00000cam a2200000 a 4500
001 in00000080897
005 20151008054120.0
008 801209s1981 maua b 00110 engm
010 |a  80029131  
020 |a 040995036X 
035 |a (OCoLC)07175100 
035 |9 AAH9683AM 
040 |a DLC  |c DLC  |d m.c.  |d TXA  |d UtOrBLW 
049 |a TXAM  |c [1441963] 
050 0 0 |a HV8290  |b .G74 1981 
082 0 |a 658.4/7  |2 19 
100 1 |a Green, Gion. 
245 1 0 |a Introduction to security /  |c Gion Green. 
250 |a 3rd ed. 
264 1 |a Boston :  |b Butterworth,  |c [1981] 
264 4 |c ©1981 
300 |a xx, 395 pages :  |b illustrations ;  |c 24 cm. 
336 |a text  |b txt  |2 rdacontent 
337 |a unmediated  |b n  |2 rdamedia 
338 |a volume  |b nc  |2 rdacarrier 
500 |a Includes index. 
504 |a Bibliography: pages [377]-380. 
650 0 |a Industries  |x Security measures. 
650 0 |a Retail trade  |x Security measures. 
650 0 |a Electronic data processing departments  |x Security measures. 
999 |a MARS 
999 f f |s ed6b3c7c-7558-3cad-bc82-9461696d289d  |i ea4848cd-ebd4-3b47-a057-c850975c1b5a  |t 0 
952 f f |p ric  |a Texas A&M University  |b Rellis Campus  |c Joint Library Facility  |d Remote Storage  |t 0  |e HV8290 .G74 1981  |h Library of Congress classification  |i unmediated -- volume  |m A14806147158 
998 f f |a HV8290 .G74 1981  |t 0  |l Remote Storage